00493nam a2200157Ia 4500003000500000005001700005008004100022020002900063040001700092082001700109100004000126245008500166260003400251300004000285521001000325322820251110100241.0210816s9999 xx 000 0 und d a9780796920485qPaperback aRDAbEc3228 a374.968 AKOO a AKOOJEE, Salim Cape Town, 2005  0aPrivate further education and training in South Africa : the changing landscape  aCape TownbHSRC Pressc2005  avii, 48 PagesbIllustrationsc29 cm aAdult